[Event "Kuressaare 2001"]
[Site "?"]
[Date "2001.??.??"]
[Round "?"]
[White "Sepp, Olav"]
[Black "Kortshagin, Oleg"]
[Result "1-0"]
[WhiteElo "2445"]
[BlackElo "2202"]
[PlyCount "95"]

1. Nf3 b5 2. c4 bxc4 3. e4 Bb7 4. Nc3 e6 5. Bxc4 Bb4 6. Qb3 Nc6 7. a3 Bxc3 8.
Qxc3 Nf6 9. d3 h6 10. O-O O-O 11. Re1 Nh7 12. d4 Ne7 13. Bf4 Ng6 14. Bg3 Nf6
15. Bd3 d6 16. Rac1 Ne8 17. Nd2 Qg5 18. Nf3 Qd8 19. Bb5 Nf6 20. Qxc7 Bxe4 21.
Bxd6 Qxc7 22. Rxc7 Rab8 23. Rc5 Rbd8 24. Bc7 Bxf3 25. Bxd8 Rxd8 26. gxf3 Rxd4
27. Rc8+ Kh7 28. Rc7 Nh4 29. Be2 Nd5 30. Rxf7 Nf4 31. Kf1 Kg6 32. Rxa7 Rd2 33.
Rb7 Nhg2 34. Bc4 Kf6 35. a4 Nxe1 36. Kxe1 Rc2 37. Rb4 Ng2+ 38. Kd1 Rxf2 39. Be2
Ne3+ 40. Kd2 Nd5 41. Re4 Rxh2 42. a5 Rh1 43. Bd1 Rh2+ 44. Kc1 Nc7 45. Rc4 Na6
46. b4 Ke5 47. b5 Kd5 48. bxa6 1-0

[Event "Kuressaare 2001"]
[Site "?"]
[Date "2001.??.??"]
[Round "?"]
[White "Kuusk, Indrek"]
[Black "Lauk, Uelar"]
[Result "0-1"]
[WhiteElo "2126"]
[BlackElo "2381"]
[PlyCount "94"]

1. d4 Nf6 2. c4 c5 3. d5 b5 4. cxb5 a6 5. b6 d6 6. Nc3 g6 7. e4 Bg7 8. Nf3 O-O
9. Be2 Qxb6 10. O-O Bg4 11. Nd2 Bxe2 12. Qxe2 Nbd7 13. Nc4 Qc7 14. a4 Nb6 15.
Nxb6 Qxb6 16. Rd1 Nd7 17. f4 Rab8 18. a5 Qb7 19. Ra2 Rfc8 20. f5 Ne5 21. h4 h5
22. Rf1 Bf6 23. Bg5 Kg7 24. Qd2 Qb4 25. Qf4 Qd4+ 26. Kh1 Ng4 27. Bxf6+ Qxf6 28.
g3 Rb4 29. Na4 Qe5 30. fxg6 Qxf4 31. Rxf4 fxg6 32. Nb6 Rf8 33. Rxf8 Kxf8 34.
Na8 Nf2+ 35. Kg2 Nxe4 36. Nc7 Rb7 37. Nxa6 Nf6 38. Kf3 Nxd5 39. Nxc5 dxc5 40.
a6 Ra7 41. g4 hxg4+ 42. Kxg4 Nc7 43. Ra5 Rxa6 44. Rxc5 Ra4+ 45. Kg3 Ne6 46. Rb5
Nd4 47. Rb8+ Kf7 0-1

[Event "Kuressaare 2001"]
[Site "?"]
[Date "2001.??.??"]
[Round "?"]
[White "Kanep, Meelis"]
[Black "Kuusk, Andres"]
[Result "1-0"]
[WhiteElo "2355"]
[BlackElo "2103"]
[PlyCount "71"]

1. d4 d5 2. c4 dxc4 3. Nf3 Nf6 4. e3 e6 5. Bxc4 c5 6. O-O a6 7. Qe2 Nc6 8. Rd1
b5 9. Bb3 c4 10. Bc2 Nb4 11. e4 Nxc2 12. Qxc2 Bb7 13. d5 Qc7 14. Bg5 Nd7 15. a4
b4 16. Nbd2 Rc8 17. dxe6 fxe6 18. Nxc4 Qxc4 19. Qxc4 Rxc4 20. Rxd7 Kxd7 21.
Ne5+ Kc8 22. Nxc4 Bxe4 23. Re1 Bd5 24. Nb6+ Kc7 25. Nxd5+ exd5 26. Re8 Kd7 27.
Ra8 Ke6 28. Be3 Kf7 29. g3 Rg8 30. Ra7+ Ke8 31. Rxa6 Be7 32. Ra8+ Kf7 33. Rxg8
Kxg8 34. a5 Bd6 35. a6 Bb8 36. a7 1-0

[Event "Kuressaare 2001"]
[Site "?"]
[Date "2001.??.??"]
[Round "?"]
[White "Keskel, Marko"]
[Black "Pietarinen, Petri"]
[Result "1-0"]
[WhiteElo "2131"]
[BlackElo "2164"]
[PlyCount "51"]

1. e4 e6 2. d4 d5 3. e5 c5 4. c3 Nc6 5. Nf3 Qb6 6. Bd3 cxd4 7. cxd4 Bd7 8. O-O
Nxd4 9. Nxd4 Qxd4 10. Nc3 a6 11. Qe2 Qb6 12. Kh1 Ne7 13. f4 g6 14. Be3 d4 15.
Bg1 Nc6 16. Ne4 Be7 17. b4 Nxb4 18. Rab1 Qa5 19. Bc4 Bb5 20. Bxd4 Rc8 21. Bxb5+
axb5 22. Nd6+ Bxd6 23. exd6 O-O 24. Qe5 f6 25. Qxe6+ Kg7 26. d7 1-0

[Event "Kuressaare 2001"]
[Site "?"]
[Date "2001.??.??"]
[Round "?"]
[White "Lelumees, Brait"]
[Black "Kuldkepp, Meelis"]
[Result "1-0"]
[WhiteElo "2144"]
[BlackElo "1946"]
[PlyCount "42"]

1. e4 d5 2. exd5 Qxd5 3. d4 Nf6 4. c4 Qd8 5. Nf3 Bf5 6. Qb3 Qc8 7. Nc3 e6 8.
Bf4 Nbd7 9. Nb5 e5 10. Nxe5 Bd6 11. Nxd6+ cxd6 12. Nxd7 Qxd7 13. Be2 O-O 14.
O-O h6 15. Bf3 Ne4 16. Rfe1 Rae8 17. Re2 g5 18. Rae1 Nxf2 19. Kxf2 gxf4 20.
Qxb7 Rxe2+ 21. Rxe2 Qd8 1-0

[Event "Kuressaare 2001"]
[Site "?"]
[Date "2001.??.??"]
[Round "?"]
[White "Ueksti, Enn"]
[Black "Kestlane, Harry"]
[Result "1/2-1/2"]
[WhiteElo "2202"]
[BlackElo "1987"]
[PlyCount "59"]

1. c4 Nf6 2. Nc3 e6 3. e4 d5 4. cxd5 exd5 5. e5 Ne4 6. Nf3 Bf5 7. d3 Nxc3 8.
bxc3 c5 9. Be2 Be7 10. O-O O-O 11. d4 Nc6 12. Be3 Qa5 13. Qb3 c4 14. Qb2 b5 15.
a3 Qb6 16. Nd2 Rfd8 17. g4 Bd7 18. Rfb1 a5 19. Bf3 Be8 20. Qc1 Qc7 21. Bg2 Rab8
22. f4 b4 23. axb4 axb4 24. cxb4 Nxb4 25. Bf1 c3 26. Rb3 Rdc8 27. Nf3 Bb5 28.
Bxb5 Rxb5 29. Qf1 Rbb8 30. Rc1 1/2-1/2

[Event "Kuressaare 2001"]
[Site "?"]
[Date "2001.??.??"]
[Round "?"]
[White "Lember, Leino"]
[Black "Vaerk, Priit"]
[Result "0-1"]
[WhiteElo "1931"]
[BlackElo "2044"]
[PlyCount "76"]

1. e4 d6 2. d4 Nf6 3. Bd3 e5 4. d5 g6 5. Nf3 Bg7 6. O-O O-O 7. c4 Na6 8. Nc3
Nc5 9. Bc2 a5 10. Rb1 Ng4 11. h3 Nh6 12. a3 f5 13. Bg5 Qe8 14. b4 axb4 15. axb4
Nxe4 16. Nxe4 fxe4 17. Bxe4 Bf5 18. Qe2 Ra3 19. Rfc1 Bxe4 20. Qxe4 Nf5 21. c5
Qf7 22. Rc2 h6 23. Be3 Nxe3 24. fxe3 Qf5 25. Qxf5 gxf5 26. cxd6 cxd6 27. Rc7
Rxe3 28. Rxb7 e4 29. Ne1 f4 30. b5 f3 31. gxf3 exf3 32. Kf1 f2 33. Nc2 Rxh3 34.
Kg2 Rc3 35. Nb4 Be5 36. Rf1 Rg3+ 37. Kh1 Rf4 38. Rxf2 Rxf2 0-1

[Event "Kuressaare 2001"]
[Site "?"]
[Date "2001.??.??"]
[Round "?"]
[White "Kilumets, Rain"]
[Black "Kool, Lauri"]
[Result "0-1"]
[WhiteElo "2050"]
[BlackElo "1936"]
[PlyCount "96"]

1. d4 e6 2. g3 Nf6 3. Bg2 d5 4. Nf3 b6 5. c4 Bb7 6. cxd5 Nxd5 7. O-O Be7 8.
Nbd2 O-O 9. Ne5 Nd7 10. Ndf3 Nxe5 11. Nxe5 c5 12. h4 Qc7 13. Bxd5 Bxd5 14. Bf4
Qb7 15. h5 cxd4 16. h6 g5 17. Bd2 f6 18. Nd3 e5 19. f3 Kh8 20. Bb4 Bxb4 21.
Nxb4 Be6 22. Qd3 a5 23. Nc2 Rg8 24. Kf2 Qd7 25. Na3 g4 26. Nc4 Bxc4 27. Qxc4
gxf3 28. exf3 Qh3 29. Rg1 Qxh6 30. Rae1 Rac8 31. Qd3 Qg6 32. Qxg6 hxg6 33. Rc1
Kg7 34. Ke2 Rh8 35. Rxc8 Rxc8 36. Kd3 f5 37. f4 exf4 38. gxf4 Re8 39. Rc1 Re3+
40. Kxd4 Re4+ 41. Kd5 Rxf4 42. Rc7+ Kh6 43. Ke6 Kg5 44. Rb7 Re4+ 45. Kd5 Rb4
46. b3 Kg4 47. Rc7 f4 48. Rc3 f3 0-1

[Event "Kuressaare 2001"]
[Site "?"]
[Date "2001.??.??"]
[Round "?"]
[White "Moelderkivi, Rain"]
[Black "Keskel, Marko"]
[Result "1/2-1/2"]
[WhiteElo "2084"]
[BlackElo "2131"]
[PlyCount "141"]

1. c4 e5 2. Nc3 Nf6 3. g3 c6 4. Bg2 d5 5. cxd5 cxd5 6. d3 d4 7. Ne4 Nd5 8. Qb3
Nc6 9. Qxd5 Qxd5 10. Nf6+ gxf6 11. Bxd5 Nb4 12. Bb3 Be6 13. Kd1 Bxb3+ 14. axb3
Kd7 15. Bd2 Bd6 16. Bxb4 Bxb4 17. Nf3 Rhc8 18. Rc1 Rxc1+ 19. Kxc1 Rc8+ 20. Kb1
Kd6 21. Rc1 Rxc1+ 22. Kxc1 Ke6 23. Kd1 h6 24. Nh4 f5 25. Ng2 Bd6 26. Kd2 Kf6
27. Kc2 Kg5 28. f3 e4 29. dxe4 fxe4 30. fxe4 Kg4 31. Nh4 Kh3 32. Nf3 f6 33. Kd3
Be5 34. Kc4 Kg2 35. Kd3 b5 36. b4 h5 37. b3 a6 38. Kd2 Bd6 39. Kd3 Bxb4 40.
Kxd4 a5 41. Kd3 a4 42. bxa4 bxa4 43. Kc4 a3 44. Kb3 Bc5 45. e5 fxe5 46. Nxe5
Kxh2 47. g4 h4 48. g5 Kg3 49. g6 Bf8 50. Nf3 h3 51. Ka2 Kf4 52. Kb3 Kf5 53. g7
Bxg7 54. Kxa3 Kf4 55. Kb3 Ke3 56. Kc2 Bd4 57. Kd1 Kf2 58. Kd2 Be3+ 59. Kd3 Bb6
60. Kd2 Kf1 61. Kd3 Ba5 62. Nh2+ Kf2 63. Nf3 Be1 64. Nh2 Kg2 65. Nf3 Bf2 66.
Kd2 Kf1 67. Nh2+ Kg2 68. Nf3 Bd4 69. Kd3 Bb6 70. Kd2 Kf2 71. Nh2 1/2-1/2

[Event "Kuressaare 2001"]
[Site "?"]
[Date "2001.??.??"]
[Round "?"]
[White "Kuusk, Andres"]
[Black "Lelumees, Brait"]
[Result "1/2-1/2"]
[WhiteElo "2103"]
[BlackElo "2144"]
[PlyCount "79"]

1. e4 c5 2. Nc3 Nc6 3. g3 g6 4. Bg2 Bg7 5. d3 e5 6. Be3 d6 7. Qd2 Nd4 8. Nd1
Be6 9. c3 Nc6 10. Nf3 Nge7 11. Bh6 Bxh6 12. Qxh6 Qd7 13. Qd2 f6 14. d4 cxd4 15.
cxd4 d5 16. exd5 Nxd5 17. dxe5 fxe5 18. O-O O-O-O 19. Rc1 Kb8 20. Nc3 Qg7 21.
Ng5 Nf4 22. Nxe6 Nxe6 23. Qe3 Ned4 24. Ne4 h6 25. Nc5 Rd6 26. Rb1 Rc8 27. b4
Rc7 28. Qe4 Ne6 29. Nb3 Ng5 30. Qe3 Nxb4 31. Na5 Nd5 32. Qa3 Qd7 33. Nxb7 Rxb7
34. Rxb7+ Kxb7 35. Qb3+ Ka6 36. Rb1 Rb6 37. Qd3+ Ka5 38. Qa3+ Qa4 39. Qc5+ Ka6
40. Qc8+ 1/2-1/2

[Event "Kuressaare 2001"]
[Site "?"]
[Date "2001.??.??"]
[Round "?"]
[White "Kool, Lauri"]
[Black "Kuusk, Indrek"]
[Result "1-0"]
[WhiteElo "1936"]
[BlackElo "2126"]
[PlyCount "115"]

1. e4 e6 2. d4 d5 3. Nd2 c5 4. Ne2 Nc6 5. exd5 Qxd5 6. Nf3 Nf6 7. Bf4 cxd4 8.
Nexd4 Qe4+ 9. Be3 Nd5 10. Bd3 Qg4 11. Nxc6 bxc6 12. O-O Nxe3 13. fxe3 Bc5 14.
Qe1 O-O 15. Kh1 f6 16. Qc3 Qb4 17. Qxb4 Bxb4 18. Rad1 Re8 19. c3 Bf8 20. Be4
Bb7 21. Rd7 Rab8 22. Rxb7 Rxb7 23. Bxc6 Reb8 24. Bxb7 Rxb7 25. b3 Kf7 26. Ng5+
Ke7 27. Nxh7 Rd7 28. Nxf8 Kxf8 29. e4 Rd2 30. e5 f5 31. g4 g6 32. gxf5 gxf5 33.
a4 Rc2 34. Rf3 Re2 35. Rd3 Ke7 36. Rh3 a5 37. Rh7+ Kd8 38. Rb7 Rxe5 39. Rb5 Re3
40. Rxa5 Rxc3 41. Rb5 Rc2 42. a5 f4 43. b4 f3 44. Kg1 Rg2+ 45. Kf1 Rxh2 46. a6
Ra2 47. Rb8+ Kc7 48. Rb7+ Kd6 49. b5 e5 50. a7 e4 51. Rb6+ Ke5 52. Ra6 Rb2 53.
a8=Q Rb1+ 54. Kf2 Rb2+ 55. Ke1 Rb1+ 56. Kd2 f2 57. Qb8+ Kd4 58. Qb6+ 1-0

[Event "Kuressaare 2001"]
[Site "?"]
[Date "2001.??.??"]
[Round "?"]
[White "Kallas, Martin"]
[Black "Ueksti, Enn"]
[Result "1/2-1/2"]
[WhiteElo "1963"]
[BlackElo "2202"]
[PlyCount "21"]

1. e4 e6 2. d4 d5 3. Nc3 Bb4 4. Nge2 Ne7 5. a3 Bxc3+ 6. Nxc3 dxe4 7. Bg5 f6 8.
Be3 O-O 9. Qd2 b6 10. Nxe4 Bb7 11. Nc3 1/2-1/2

[Event "Kuressaare 2001"]
[Site "?"]
[Date "2001.??.??"]
[Round "?"]
[White "Pietarinen, Petri"]
[Black "Kuldkepp, Meelis"]
[Result "1/2-1/2"]
[WhiteElo "2164"]
[BlackElo "1946"]
[PlyCount "105"]

1. e4 d5 2. exd5 Qxd5 3. Nc3 Qa5 4. Nf3 Nf6 5. d4 Bf5 6. Bd2 c6 7. Bc4 e6 8.
Bb3 Nbd7 9. Qe2 O-O-O 10. Nd5 Qb5 11. Qxb5 cxb5 12. Nxf6 Nxf6 13. Ne5 Bg6 14.
c3 Bd6 15. Bg5 Rde8 16. O-O Ne4 17. Be3 f6 18. Nxg6 hxg6 19. g3 Bb8 20. Kg2 Nd6
21. Bc2 Nf5 22. Bd3 a6 23. Bd2 Kd7 24. Be4 Kc8 25. a4 bxa4 26. Rxa4 Re7 27. b4
g5 28. Re1 Nd6 29. Bd3 Rhe8 30. c4 b5 31. cxb5 axb5 32. Ra5 Bc7 33. Ra3 Bb6 34.
Be3 Ra7 35. Rxa7 Bxa7 36. f4 g4 37. Bf2 Kd7 38. Ra1 Bb6 39. d5 Bxf2 40. dxe6+
Kxe6 41. Kxf2 Kd5 42. Ra5 Ne4+ 43. Bxe4+ Kxe4 44. Rxb5 Re7 45. Rb8 Kd5 46. b5
Kd6 47. f5 Re5 48. b6 Rxf5+ 49. Ke2 Re5+ 50. Kd3 Kc6 51. b7 Kc7 52. Rd8 Kxb7
53. Rd4 1/2-1/2

[Event "Kuressaare 2001"]
[Site "?"]
[Date "2001.??.??"]
[Round "?"]
[White "Kestlane, Harry"]
[Black "Lember, Leino"]
[Result "1-0"]
[WhiteElo "1987"]
[BlackElo "1931"]
[PlyCount "87"]

1. e4 e5 2. Nf3 Nc6 3. Bb5 a6 4. Ba4 Nf6 5. O-O Be7 6. Re1 b5 7. Bb3 d6 8. c3
O-O 9. h3 Na5 10. Bc2 c5 11. d4 Qc7 12. Nbd2 Bd7 13. d5 c4 14. Nf1 Nb7 15. Ng3
Nc5 16. Nh2 Ne8 17. Qf3 Qc8 18. Ng4 Bxg4 19. hxg4 g6 20. Kh2 Nf6 21. g5 Ng4+
22. Kg1 f6 23. Bd1 Nd3 24. Rf1 Ngxf2 25. Rxf2 fxg5 26. Nf5 gxf5 27. Rf1 fxe4
28. Qxe4 Rxf1+ 29. Kxf1 Nxc1 30. Rxc1 Qc5 31. g3 Rf8+ 32. Bf3 Qc8 33. Ke2 Qf5
34. Rh1 Qxe4+ 35. Bxe4 Rf7 36. g4 Bd8 37. Bf5 a5 38. Be6 b4 39. Bxf7+ Kxf7 40.
Rxh7+ Ke8 41. Kd2 Bb6 42. Rg7 Bd8 43. Rb7 bxc3+ 44. Kxc3 1-0

[Event "Kuressaare 2001"]
[Site "?"]
[Date "2001.??.??"]
[Round "?"]
[White "Kortshagin, Oleg"]
[Black "Vaerk, Priit"]
[Result "1-0"]
[WhiteElo "2202"]
[BlackElo "2044"]
[PlyCount "87"]

1. d4 d5 2. c4 c6 3. Nc3 Nf6 4. Nf3 dxc4 5. a4 Bf5 6. Ne5 e6 7. e3 Nbd7 8. Nxc4
Bb4 9. Be2 O-O 10. O-O Qe7 11. Qb3 a5 12. Na2 Nd5 13. Nxb4 Qxb4 14. Qd1 Qe7 15.
f3 N5b6 16. Nxb6 Nxb6 17. e4 Bg6 18. Be3 Nd7 19. Qb3 Nf6 20. Rfc1 Rfd8 21. Bf1
h6 22. Rc3 Rd7 23. Qb6 Qd8 24. Qc5 Qe7 25. Qc4 e5 26. dxe5 Qxe5 27. Qc5 Qxc5
28. Rxc5 Kf8 29. Rac1 Ne8 30. Be2 Nc7 31. Kf2 f6 32. Ke1 Ne6 33. R5c2 Ke8 34.
Rd1 Rxd1+ 35. Kxd1 Rd8+ 36. Rd2 Rxd2+ 37. Kxd2 Kd7 38. Bb6 Nf4 39. Bf1 Bf7 40.
Bxa5 h5 41. Bb6 g5 42. a5 Ng6 43. Be3 Ne5 44. Be2 1-0